Statistics for Countries of the World by GDP PPP with a map

Click here to take the quiz!

General Stats

  • This quiz has been taken 82 times
    (65 since last reset)
  • The average score is 147 of 195

Answers on the Map

Answers color-coded by a green-red scale on the quiz's map according to % correct below.
 

Answer Stats

HintAnswer% Correct
IIndia
96%
BBrazil
93%
CChina
93%
FFrance
93%
GGermany
93%
IIndonesia
93%
IItaly
93%
JJapan
93%
MMexico
93%
RRussia
93%
S...South Korea
93%
TTurkey
93%
U...United Kingdom
93%
U...United States
93%
CCanada
89%
IIran
89%
IIraq
86%
PPakistan
86%
PPoland
86%
S...Saudi Arabia
86%
TTaiwan
86%
U...United Arab Emirates
86%
AAlgeria
82%
AArgentina
82%
AAustralia
82%
AAustria
82%
BBangladesh
82%
BBelgium
82%
BBulgaria
82%
CChile
82%
CColombia
82%
C...Costa Rica
82%
CCroatia
82%
C...Czech Republic
82%
C/D...Dem. Rep. of the Congo
82%
DDenmark
82%
EEcuador
82%
EEgypt
82%
EEstonia
82%
EEthiopia
82%
FFInland
82%
GGreece
82%
HHungary
82%
IIreland
82%
IIsrael
82%
KKazakhstan
82%
KKenya
82%
LLatvia
82%
LLibya
82%
MMalaysia
82%
NNetherlands
82%
N...New Zealand
82%
NNigeria
82%
N...North Korea
82%
NNorway
82%
OOman
82%
PPanama
82%
PPeru
82%
PPortugal
82%
QQatar
82%
RRomania
82%
SSerbia
82%
S...South Africa
82%
SSpain
82%
SSweden
82%
SSwitzerland
82%
TThailand
82%
UUganda
82%
UUkraine
82%
UUruguay
82%
UUzbekistan
82%
VVenezuela
82%
VVIetnam
82%
YYemen
82%
ZZambia
82%
AAfghanistan
79%
BBelarus
79%
BBolivia
79%
B...Bosnia and Herzegovina
79%
CCameroon
79%
D...Dominican Republic
79%
E...El Salvador
79%
GGhana
79%
I/C...Ivory Coast
79%
JJordan
79%
KKuwait
79%
LLaos
79%
LLithuania
79%
LLuxembourg
79%
MMorocco
79%
NNepal
79%
PParaguay
79%
PPhilippines
79%
SSenegal
79%
SSlovakia
79%
SSlovenia
79%
S...Sri Lanka
79%
SSudan
79%
TTanzania
79%
TTunisia
79%
AAngola
75%
AAzerbaijan
75%
B...Burkina Faso
75%
CCambodia
75%
E...Equatorial Guinea
75%
FFiji
75%
GGeorgia
75%
HHaiti
75%
HHonduras
75%
JJamaica
75%
MMali
75%
MMyanmar
75%
P...Papua New Guinea
75%
SSingapore
75%
SSyria
75%
TTurkmenistan
75%
V...Vatican City
75%
ZZimbabwe
75%
A...Antigua and Barbuda
71%
AArmenia
71%
BBhutan
71%
CCyprus
71%
M/F...Federated States of Micronesia
71%
GGrenada
71%
G...Guinea-Bissau
71%
IIceland
71%
LLebanon
71%
MMadagascar
71%
MMozambique
71%
NNicaragua
71%
M/N...North Macedonia
71%
C/R...Rep. of the Congo
71%
RRwanda
71%
SSamoa
71%
TTogo
71%
BBotswana
68%
C...Central African Republic
68%
DDjibouti
68%
E...East Timor
68%
EEritrea
68%
GGabon
68%
GGuatemala
68%
GGuyana
68%
KKiribati
68%
KKosovo
68%
KKyrgyzstan
68%
LLiechtenstein
68%
MMalawi
68%
MMoldova
68%
MMongolia
68%
NNamibia
68%
NNauru
68%
NNiger
68%
PPalau
68%
S...Saint Kitts and Nevis
68%
S...Saint Lucia
68%
S...Saint Vincent and the Grenadines
68%
S...Sao Tome and Principe
68%
SSeychelles
68%
S...Solomon Islands
68%
TTonga
68%
TTuvalu
68%
VVanuatu
68%
AAlbania
64%
BBahamas
64%
BBelize
64%
BBenin
64%
CChad
64%
CComoros
64%
DDominica
64%
EEswatini
64%
GGambia
64%
GGuinea
64%
M...Marshall Islands
64%
MMauritius
64%
MMontenegro
64%
S...South Sudan
64%
SSuriname
64%
TTajikistan
64%
T...Trinidad and Tobago
64%
AAndorra
61%
BBahrain
61%
BBarbados
61%
LLesotho
61%
MMalta
61%
MMonaco
61%
SSomalia
61%
BBrunei
57%
BBurundi
57%
C...Cape Verde
57%
LLiberia
57%
MMauritania
57%
S...San Marino
57%
S...Sierra Leone
57%
M...Maldives
46%

Score Distribution

Percentile by Number Answered

Percent of People with Each Score

Your Score History

You have not taken this quiz since the last reset